Исследование физико-механических характеристик хвостов обогащения руд Бом-Горхонского месторождения; Проблемы геологии и освоения недр; Т. 2

Dettagli Bibliografici
Parent link:Проблемы геологии и освоения недр: труды XVIII Международного симпозиума имени академика М. А. Усова студентов и молодых ученых, Томск, 7-11 апреля 2014 г./ Национальный исследовательский Томский политехнический университет (ТПУ), Институт природных ресурсов (ИПР) ; Общество инженеров-нефтяников, международная некоммерческая организация, Студенческий чаптер ; под ред. А. Ю. Дмитриева.— , 2014
Т. 2.— [С. 276-277]
Autore principale: Соколова А. Д.
Ente Autore: Национальный исследовательский Томский политехнический университет (ТПУ) Институт природных ресурсов (ИПР) Кафедра общей химической технологии (ОХТ)
Altri autori: Стрельцова А. А. (научный руководитель), Фролова И. В. Ирина Владимировна, Тихонов В. В. Виктор Владимирович
Riassunto:Заглавие с экрана
Lingua:russo
Pubblicazione:
Serie:Современные технологии подготовки освоения и переработки минерального и углеводородного сырья
Переработка минерального сырья
Soggetti:
Accesso online:http://earchive.tpu.ru/handle/11683/65610
http://www.lib.tpu.ru/fulltext/c/2014/C11/V2/126.pdf
Natura: MixedMaterials Elettronico Capitolo di libro
KOHA link:https://koha.lib.tpu.ru/cgi-bin/koha/opac-detail.pl?biblionumber=608538

MARC

LEADER 00000naa2a2200000 4500
001 608538
005 20260324090657.0
035 |a (RuTPU)RU\TPU\conf\5969 
035 |a RU\TPU\conf\5965 
090 |a 608538 
100 |a 20141002d2014 k y0rusy50 ca 
101 0 |a rus 
102 |a RU 
135 |a drgn ---uucaa 
181 0 |a i  
182 0 |a b 
200 1 |a Исследование физико-механических характеристик хвостов обогащения руд Бом-Горхонского месторождения  |f А. Д. Соколова, А. А. Стрельцова  |g науч. рук. И. В. Фролова, В. В. Тихонов 
203 |a Текст  |c электронный 
225 1 |a Современные технологии подготовки освоения и переработки минерального и углеводородного сырья 
225 1 |a Переработка минерального сырья 
300 |a Заглавие с экрана 
320 |a [Библиогр.: с. 277 (2 назв.)] 
337 |a Adobe Reader 
461 1 |0 (RuTPU)RU\TPU\conf\5590  |t Проблемы геологии и освоения недр  |o труды XVIII Международного симпозиума имени академика М. А. Усова студентов и молодых ученых, Томск, 7-11 апреля 2014 г.  |o в 2 т.  |f Национальный исследовательский Томский политехнический университет (ТПУ), Институт природных ресурсов (ИПР) ; Общество инженеров-нефтяников, международная некоммерческая организация, Студенческий чаптер ; под ред. А. Ю. Дмитриева  |d 2014 
463 1 |0 (RuTPU)RU\TPU\conf\5595  |t Т. 2  |v [С. 276-277] 
610 1 |a труды учёных ТПУ 
610 1 |a электронный ресурс 
610 1 |a физико-механические характеристики 
610 1 |a хвосты 
610 1 |a обогащение 
610 1 |a руды 
610 1 |a Бом-Горхонское месторождение 
610 1 |a вольфрам 
610 1 |a вольфрамовые руды 
700 1 |a Соколова  |b А. Д. 
701 1 |a Стрельцова  |b А. А. 
702 1 |a Фролова  |b И. В.  |c химик-технолог  |c доцент Томского политехнического университета, кандидат технических наук  |f 1976-  |g Ирина Владимировна  |4 727 
702 1 |a Тихонов  |b В. В.  |c химик-технолог  |c доцент Томского политехнического университета, кандидат технических наук  |f 1965-  |g Виктор Владимирович  |4 727 
712 0 2 |a Национальный исследовательский Томский политехнический университет (ТПУ)  |b Институт природных ресурсов (ИПР)  |b Кафедра общей химической технологии (ОХТ)  |3 (RuTPU)RU\TPU\col\18654 
801 2 |a RU  |b 63413507  |c 20210916  |g RCR 
856 4 |u http://earchive.tpu.ru/handle/11683/65610 
856 4 |u http://www.lib.tpu.ru/fulltext/c/2014/C11/V2/126.pdf 
942 |c BK